000 00203nam a22000977a 4500
008 171024b xxu||||| |||| 00| 0 eng d
020 _a9780077270063
041 _aeng
080 _214TH
_a311
100 _a55
999 _c35693
_d35693